00426nam a2200133 a 45000010005000000030005000050050017000100080041000270400020000681000027000882450070001152600076001856500031002611458CDMR20130927174616.0130130s ||||||||||||||||||||||||||||d aCDMRbcatcCDMR1 aGarcía Pons, Enrique10aHistoria de la prensa badalonesa 1868-1939cEnrique García Pons aBadalonabAyuntamiento de Badalona. Oficina Municipal de Prensac[s.d.]04aPremsa comarcalzCatalunya